000 00740nam a2200229Ia 4500
001 10093
003 GE_BSU
008 181216s||||||||xx |||||||||||||| ||und||
040 _cGE_BSU
080 _a821.353.1–1
100 _aსამხარაძე,გიორგი
245 _aსიცოცხლის ძახილი
245 _bლექსები
245 _cრედ.მ.ფოცხიშვილი.მხატვ.გ.ურუმაშვილი
260 _aთბილისი
260 _bსაბჭ.მწერალი
260 _c1960
300 _a116გვ.16სმ.
653 _aლექსები
653 _aსიცოცხლის ძახილი
942 _cBK
999 _c43365
_d43365